<?xml version="1.0" encoding="UTF-8"?>
<record
    xmlns:xsi="http://www.w3.org/2001/XMLSchema-instance"
    xsi:schemaLocation="http://www.loc.gov/MARC21/slim http://www.loc.gov/standards/marcxml/schema/MARC21slim.xsd"
    xmlns="http://www.loc.gov/MARC21/slim">

  <leader>00389nam a22001217a 4500</leader>
  <datafield tag="040" ind1=" " ind2=" ">
    <subfield code="c">HS</subfield>
  </datafield>
  <datafield tag="082" ind1=" " ind2=" ">
    <subfield code="a">632</subfield>
  </datafield>
  <datafield tag="100" ind1=" " ind2=" ">
    <subfield code="a">&#x179F;&#x17BB;&#x1780; &#x1782;&#x1793;&#x17D2;&#x1792;&#x17B8;</subfield>
  </datafield>
  <datafield tag="245" ind1=" " ind2=" ">
    <subfield code="a">Rice post-havest enginnering and management : &#x1780;&#x17B6;&#x179A;&#x1782;&#x17D2;&#x179A;&#x1794;&#x17CB;&#x1782;&#x17D2;&#x179A;&#x1784;&#x1780;&#x17D2;&#x179A;&#x17C4;&#x1799;&#x1780;&#x17B6;&#x179A;&#x1794;&#x17D2;&#x179A;&#x1798;&#x17BC;&#x179B;&#x1795;&#x179B;&#x179F;&#x17D2;&#x179A;&#x17BC;&#x179C;</subfield>
  </datafield>
  <datafield tag="260" ind1=" " ind2=" ">
    <subfield code="a">RUA</subfield>
    <subfield code="b">&#x179F;&#x17BB;&#x1780; &#x1782;&#x1793;&#x17D2;&#x1792;&#x17B8;</subfield>
    <subfield code="c">2007</subfield>
  </datafield>
  <datafield tag="300" ind1=" " ind2=" ">
    <subfield code="a">NA</subfield>
  </datafield>
  <datafield tag="942" ind1=" " ind2=" ">
    <subfield code="c">KB</subfield>
  </datafield>
  <datafield tag="999" ind1=" " ind2=" ">
    <subfield code="c">10319</subfield>
    <subfield code="d">10319</subfield>
  </datafield>
  <datafield tag="952" ind1=" " ind2=" ">
    <subfield code="0">0</subfield>
    <subfield code="1">0</subfield>
    <subfield code="4">0</subfield>
    <subfield code="6">632_000000000000000_&#x179F;&#x17BB;&#x1780;_2007_C243</subfield>
    <subfield code="7">0</subfield>
    <subfield code="9">53059</subfield>
    <subfield code="a">LBC</subfield>
    <subfield code="b">LBC</subfield>
    <subfield code="c">C243</subfield>
    <subfield code="d">2016-10-14</subfield>
    <subfield code="o">632 &#x179F;&#x17BB;&#x1780; 2007 C243</subfield>
    <subfield code="p">RUA042726</subfield>
    <subfield code="r">2016-10-14</subfield>
    <subfield code="y">KB</subfield>
  </datafield>
  <datafield tag="952" ind1=" " ind2=" ">
    <subfield code="0">0</subfield>
    <subfield code="1">0</subfield>
    <subfield code="4">0</subfield>
    <subfield code="6">632_000000000000000_&#x179F;&#x17BB;&#x1780;_2007_C243</subfield>
    <subfield code="7">0</subfield>
    <subfield code="9">53061</subfield>
    <subfield code="a">LBC</subfield>
    <subfield code="b">LBC</subfield>
    <subfield code="c">C243</subfield>
    <subfield code="d">2016-10-14</subfield>
    <subfield code="l">2</subfield>
    <subfield code="o">632 &#x179F;&#x17BB;&#x1780; 2007 C243</subfield>
    <subfield code="p">RUA043600</subfield>
    <subfield code="r">2018-11-07</subfield>
    <subfield code="s">2018-10-26</subfield>
    <subfield code="w">2016-10-14</subfield>
    <subfield code="y">KB</subfield>
  </datafield>
  <datafield tag="952" ind1=" " ind2=" ">
    <subfield code="0">0</subfield>
    <subfield code="1">0</subfield>
    <subfield code="4">0</subfield>
    <subfield code="6">632_000000000000000_&#x179F;&#x17BB;&#x1780;_2007_C243</subfield>
    <subfield code="7">0</subfield>
    <subfield code="9">53062</subfield>
    <subfield code="a">LBC</subfield>
    <subfield code="b">LBC</subfield>
    <subfield code="c">C243</subfield>
    <subfield code="d">2016-10-14</subfield>
    <subfield code="l">1</subfield>
    <subfield code="o">632 &#x179F;&#x17BB;&#x1780; 2007 C243</subfield>
    <subfield code="p">RUA042966</subfield>
    <subfield code="r">2018-11-07</subfield>
    <subfield code="s">2018-10-26</subfield>
    <subfield code="w">2016-10-14</subfield>
    <subfield code="y">KB</subfield>
  </datafield>
</record>
